[Event "ChessOrg-Schachfestival 2022-Senioren"]
[Site "Bad Woerishofen"]
[Date "2022.03.16"]
[Round "6.15"]
[White "Stern, Geoffrey"]
[Black "Di Lazzaro, Gabriele"]
[Result "1-0"]
[WhiteElo "1930"]
[BlackElo "1768"]
[PlyCount "129"]
[EventDate "2022.??.??"]
[WhiteTeam "Gambit Bonnevoie"]
[BlackTeam "Richter - Bolzano"]

1. d4 Nf6 2. Nc3 d5 3. Bf4 e6 4. Nb5 Bb4+ 5. c3 Ba5 6. b4 a6 7. a4 Bb6 8. a5
axb5 9. axb6 Rxa1 10. Qxa1 Na6 11. bxc7 Qe7 12. e3 Bd7 13. Bxb5 O-O 14. Bd3 Nh5
15. Ne2 Nxf4 16. Nxf4 Nxc7 17. O-O Ra8 18. Qb2 Bb5 19. h3 Bxd3 20. Nxd3 b6 21.
Ra1 Qe8 22. Nf4 g6 23. f3 Nb5 24. Ne2 Qc8 25. e4 Rxa1+ 26. Qxa1 Qc4 27. Kf2
dxe4 28. fxe4 Kg7 29. e5 Qd3 30. Qa6 Qc4 31. h4 Qc6 32. Qa1 Qc4 33. Qc1 Nc7 34.
h5 h6 35. hxg6 fxg6 36. Qe3 Nd5 37. Qf3 g5 38. Kg1 b5 39. Kh2 Qc6 40. Qg3 Qe8
41. Qf3 Qc8 42. Qd3 Qc6 43. Ng3 Nf4 44. Qf3 Qd7 45. Ne4 Qd5 46. Nd6 Qxf3 47.
gxf3 Nd5 48. Nxb5 Kg6 49. Kg3 h5 50. Nd6 Nxc3 51. Kf2 h4 52. b5 Nd5 53. Ne4 Kf5
54. Nc5 Nb6 55. Kg2 Nd5 56. Nd7 Ne3+ 57. Kg1 Kf4 58. b6 Kg3 59. b7 h3 60. b8=Q
h2+ 61. Kh1 Nd1 62. Qb2 Nxb2 63. Nf6 Nd3 64. Ne4+ Kxf3 65. Nxg5+ 1-0

[Event "ChessOrg-Schachfestival 2022-Senioren"]
[Site "Bad Woerishofen"]
[Date "2022.03.16"]
[Round "6.16"]
[White "McAndrew, Robert"]
[Black "Sakowski, Christian"]
[Result "1-0"]
[WhiteElo "1927"]
[BlackElo "1745"]
[PlyCount "79"]
[EventDate "2022.??.??"]
[WhiteTeam "Gambit Bonnevoie"]
[BlackTeam "Schachclub Muelheim 08/25 e.V."]

1. Nf3 Nf6 2. g3 d5 3. d3 g6 4. Bg2 Bg7 5. O-O O-O 6. c3 c5 7. Re1 Nc6 8. Nbd2
e6 9. e4 b6 10. exd5 Nxd5 11. Ne4 Bb7 12. h4 Nf6 13. Bg5 h6 14. Nxf6+ Bxf6 15.
Bxh6 Re8 16. Ng5 Qc7 17. Ne4 Bg7 18. Qd2 Ne7 19. Bxg7 Kxg7 20. Ng5 Nf5 21. Bxb7
Qxb7 22. Qf4 Qb8 23. Qg4 Nh6 24. Qf3 Qd8 25. Rad1 Qd5 26. d4 Qxf3 27. Nxf3 Rac8
28. dxc5 Rxc5 29. Rd7 a5 30. Re5 Rxe5 31. Nxe5 Rc8 32. a4 Rc5 33. f4 b5 34. Nd3
Rf5 35. axb5 Rxb5 36. c4 Rb6 37. c5 Rc6 38. Kg2 Ng4 39. Kf3 Nf6 40. Rxf7+ 1-0

[Event "ChessOrg-Schachfestival 2022-Senioren"]
[Site "Bad Woerishofen"]
[Date "2022.03.16"]
[Round "6.17"]
[White "Schestak, Herbert"]
[Black "Zoll, Detlef"]
[Result "1/2-1/2"]
[WhiteElo "1713"]
[BlackElo "1914"]
[PlyCount "32"]
[EventDate "2022.??.??"]
[BlackTeam "ESV 1949 Eberswalde e.V."]

1. d4 Nf6 2. Bf4 c5 3. c3 b6 4. e3 Bb7 5. a4 g6 6. Nf3 cxd4 7. exd4 Bg7 8. h3
O-O 9. Nbd2 d6 10. Bh2 Nbd7 11. Be2 Ne4 12. Nxe4 Bxe4 13. O-O e5 14. dxe5 dxe5
15. Re1 Qe7 16. Bd3 Bxd3 1/2-1/2

[Event "ChessOrg-Schachfestival 2022-Senioren"]
[Site "Bad Woerishofen"]
[Date "2022.03.16"]
[Round "6.18"]
[White "Lechner, Otto"]
[Black "Klimpel, Siegfried"]
[Result "1-0"]
[WhiteElo "1845"]
[BlackElo "1754"]
[PlyCount "39"]
[EventDate "2022.??.??"]
[WhiteTeam "TSV Wertingen 1862 SAbt"]
[BlackTeam "TSV Kareth-Lappersdorf"]

1. d4 c6 2. e4 d6 3. c4 Qc7 4. h3 e5 5. Nc3 exd4 6. Qxd4 Be6 7. Bf4 Nd7 8. Nf3
Qb6 9. Qd2 Ngf6 10. Be2 Rd8 11. O-O Nc5 12. Qc2 Be7 13. Rab1 Qb4 14. Nd2 Rd7
15. Be3 Na6 16. a3 Qa5 17. f4 Nxe4 18. Nb3 Qd8 19. Nxe4 Bxc4 20. Bxc4 1-0

[Event "ChessOrg-Schachfestival 2022-Senioren"]
[Site "Bad Woerishofen"]
[Date "2022.03.16"]
[Round "6.19"]
[White "Seifert, Werner"]
[Black "Flockerzi, Armin"]
[Result "1-0"]
[WhiteElo "1958"]
[BlackElo "1761"]
[PlyCount "87"]
[EventDate "2022.??.??"]
[WhiteTeam "SC Groebenzell"]
[BlackTeam "VfR-SC Koblenz"]

1. e4 e5 2. Nf3 Nc6 3. d4 exd4 4. Nxd4 Nxd4 5. Qxd4 d6 6. Nc3 Nf6 7. Bg5 Be7 8.
O-O-O Be6 9. Bc4 Bxc4 10. Qxc4 O-O 11. e5 Ne8 12. Bf4 Bg5 13. Rhe1 Bxf4+ 14.
Qxf4 Qd7 15. Re3 dxe5 16. Qxe5 Qc6 17. Nd5 Kh8 18. Qe7 Qd6 19. Nxc7 Qxe7 20.
Rxe7 Nxc7 21. Rxc7 b6 22. Rdd7 Kg8 23. Rxa7 Rae8 24. Kd2 Re6 25. c4 h6 26. Re7
Rd6+ 27. Kc3 Rf6 28. f3 g5 29. Rab7 Ra8 30. a3 h5 31. Re5 Rg6 32. Kb4 Kg7 33.
Ree7 Rf6 34. a4 Rc8 35. Re5 Kg6 36. Kb5 Rcc6 37. b3 Rcd6 38. Rbe7 Rd2 39. Re2
Rdd6 40. b4 Rd4 41. R7e4 Rdd6 42. c5 bxc5 43. bxc5 Rc6 44. Rd2 1-0

[Event "ChessOrg-Schachfestival 2022-Senioren"]
[Site "Bad Woerishofen"]
[Date "2022.03.16"]
[Round "6.20"]
[White "Kievelitz, Bernd"]
[Black "Goris, Ton"]
[Result "1/2-1/2"]
[WhiteElo "1745"]
[BlackElo "1952"]
[PlyCount "86"]
[EventDate "2022.??.??"]
[WhiteTeam "SC Zitadelle Spandau 1977 e.V."]

1. Nf3 Nf6 2. c4 e6 3. Nc3 Bb4 4. g4 O-O 5. g5 Nh5 6. Rg1 g6 7. d3 b6 8. Bd2
Bb7 9. e4 Be7 10. Ne2 d5 11. Qc2 dxc4 12. dxc4 c5 13. O-O-O Qc7 14. Bh3 Nc6 15.
Bg4 Rad8 16. Bxh5 gxh5 17. a3 e5 18. Nh4 Nd4 19. Nxd4 Rxd4 20. f3 Bc8 21. Be3
Rxd1+ 22. Rxd1 Rd8 23. Rxd8+ Qxd8 24. Nf5 Kf8 25. Qd2 Qxd2+ 26. Kxd2 f6 27.
gxf6 Bxf6 28. Bh6+ Kg8 29. Kd3 Bd7 30. b3 Kf7 31. Bd2 Kg6 32. Ne3 Bg5 33. Bc3
Bf4 34. h4 Bg3 35. Nd5 Bxh4 36. Bxe5 Bd8 37. f4 h4 38. f5+ Kf7 39. Nf4 a6 40.
a4 b5 41. axb5 axb5 42. cxb5 Bxb5+ 43. Ke3 c4 1/2-1/2

[Event "ChessOrg-Schachfestival 2022-Senioren"]
[Site "Bad Woerishofen"]
[Date "2022.03.16"]
[Round "6.21"]
[White "Kurpiela, Franz"]
[Black "Schmieder, Siegfried"]
[Result "1-0"]
[WhiteElo "1748"]
[BlackElo "1904"]
[PlyCount "69"]
[EventDate "2022.??.??"]
[WhiteTeam "TSG OEhringen"]

1. e4 d6 2. d4 Nf6 3. Nc3 g6 4. Bc4 Bg7 5. Nf3 c6 6. h3 O-O 7. O-O b5 8. Bd3
Bb7 9. Re1 a6 10. Bg5 h6 11. Bf4 Nbd7 12. e5 dxe5 13. dxe5 Nd5 14. Nxd5 cxd5
15. c3 Nc5 16. Bc2 Ne6 17. Be3 Qc7 18. Qd2 Kh7 19. h4 h5 20. Bd4 Rac8 21. Ng5+
Nxg5 22. Qxg5 Rh8 23. Rad1 e6 24. Re3 Bh6 25. Qxh5 Rcg8 26. Rg3 Kg7 27. Bxg6
Bf4 28. Bxf7+ Bxg3 29. Qg6+ Kf8 30. Bxg8 Rxg8 31. Qf6+ Qf7 32. Qxf7+ Kxf7 33.
fxg3 Rxg3 34. Rf1+ Ke7 35. Bc5+ 1-0

[Event "ChessOrg-Schachfestival 2022-Senioren"]
[Site "Bad Woerishofen"]
[Date "2022.03.16"]
[Round "6.22"]
[White "Bachmann, Rolf"]
[Black "Antoniacci, Riccardo"]
[Result "0-1"]
[WhiteElo "1896"]
[BlackElo "1706"]
[PlyCount "136"]
[EventDate "2022.??.??"]
[WhiteTeam "Hsg Hamm"]

1. d4 Nf6 2. c4 c5 3. d5 b5 4. cxb5 a6 5. bxa6 Bxa6 6. Nc3 g6 7. e4 Bxf1 8.
Kxf1 d6 9. Nge2 Bg7 10. f3 Nbd7 11. b3 O-O 12. Bb2 Qb6 13. g4 Ne5 14. Kg2 Rfb8
15. Bc1 Qa6 16. Be3 Qc8 17. h3 Rb7 18. Qc2 Rab8 19. Rab1 h5 20. Bf4 c4 21. Bxe5
cxb3 22. Rxb3 Rxb3 23. axb3 dxe5 24. Ra1 hxg4 25. hxg4 Qb7 26. Rb1 Nd7 27. Na4
Rc8 28. Qd2 Qb5 29. Nc1 Kh7 30. Na2 Bh6 31. Rh1 g5 32. N2c3 Qa6 33. Qxg5 Qd6
34. Qf5+ Kg8 35. g5 Bg7 36. Kg3 Rb8 37. Qh7+ Kf8 38. Rb1 Nc5 39. Qh3 Nd3 40.
Qf1 Nf4 41. Qc4 Qg6 42. Kf2 Qxg5 43. Ke1 Qg3+ 44. Kd1 Qxf3+ 45. Ne2 Qf1+ 46.
Kc2 Qxe2+ 47. Qxe2 Nxe2 48. Kd3 Nd4 49. b4 Ke8 50. Nc5 Bf8 51. Kc4 Nb5 52. Rd1
Nd6+ 53. Kc3 Bg7 54. Rg1 Bf8 55. Rg8 Rd8 56. Kb3 Ra8 57. Rh8 Nb5 58. Kc4 Nd6+
59. Kb3 Ra1 60. Rh2 Re1 61. Ra2 Re3+ 62. Kc2 Re2+ 63. Kb3 Rxa2 64. Kxa2 Kd8 65.
Kb3 Kc7 66. Ka4 Nb7 67. Kb5 Nxc5 68. bxc5 Bh6 0-1

[Event "ChessOrg-Schachfestival 2022-Senioren"]
[Site "Bad Woerishofen"]
[Date "2022.03.16"]
[Round "6.23"]
[White "Ganslmayer, Anton"]
[Black "Wacker, Manfred"]
[Result "1/2-1/2"]
[WhiteElo "1830"]
[BlackElo "1705"]
[PlyCount "35"]
[EventDate "2022.??.??"]
[WhiteTeam "SC Wangen"]
[BlackTeam "SC Lambsheim"]

1. e4 e6 2. d4 d5 3. e5 c5 4. c3 Nc6 5. Nf3 Qb6 6. a3 Bd7 7. b4 cxd4 8. cxd4
Nge7 9. Be2 Nf5 10. Bb2 Be7 11. g4 Nh4 12. Nxh4 Bxh4 13. O-O Rc8 14. Qd3 Ne7
15. Nc3 Ng6 16. f4 O-O 17. Kh1 h6 18. Rad1 1/2-1/2

[Event "ChessOrg-Schachfestival 2022-Senioren"]
[Site "Bad Woerishofen"]
[Date "2022.03.16"]
[Round "6.24"]
[White "Richter, Stefan"]
[Black "Vonach, Bernhard"]
[Result "0-1"]
[WhiteElo "1612"]
[BlackElo "1824"]
[PlyCount "64"]
[EventDate "2022.??.??"]
[WhiteTeam "Elstertal-langenberg"]
[BlackTeam "SF Windach"]

{[%evp 0,64,19,28,66,70,49,41,67,1,40,38,33,40,43,3,0,0,0,0,0,-8,27,-69,-77,
-69,-57,-76,-44,-85,-73,-73,-54,-100,-58,-214,-228,-228,-236,-232,-232,-247,
-247,-241,-214,-213,-185,-196,-196,-185,-185,-185,-163,-278,-287,-299,-299,
-326,-322,-346,-305,-351,-296,-306,-293,-293,-293]} 1. d4 c5 2. d5 Nf6 3. c4 b5
4. e3 bxc4 5. Bxc4 g6 6. Nc3 Bg7 7. Nge2 O-O 8. O-O d6 9. h3 Nbd7 10. e4 Nb6
11. Qd3 Nxc4 12. Qxc4 Qb6 13. Qb3 Nd7 14. Kh1 Ba6 15. Qc2 Ne5 16. b3 Rab8 17.
Rb1 Bd3 18. Qd1 Bxb1 19. Nxb1 c4 20. Be3 Qa5 21. Qd2 Qxd2 22. Nxd2 cxb3 23.
axb3 Rb7 24. Nd4 Nd3 25. Nc6 a6 26. f4 f5 27. exf5 Rxf5 28. Nc4 Rxd5 29. Rb1
Bf6 30. g4 h6 31. Nd8 Rb8 32. Nc6 Rb7 {[%mdl 8192]} 0-1

[Event "ChessOrg-Schachfestival 2022-Senioren"]
[Site "Bad Woerishofen"]
[Date "2022.03.16"]
[Round "6.25"]
[White "Lie, Terje"]
[Black "Aigner, Georg"]
[Result "0-1"]
[WhiteElo "1441"]
[BlackElo "1809"]
[PlyCount "88"]
[EventDate "2022.??.??"]
[WhiteTeam "Bergens SK"]
[BlackTeam "SC Taufkirchen"]

1. d4 c5 2. d5 e6 3. c4 d6 4. Nc3 Nf6 5. Nf3 Be7 6. e3 e5 7. Be2 Bg4 8. h3 Bh5
9. O-O O-O 10. Qc2 Bg6 11. Qd1 e4 12. Nh4 Nbd7 13. Nxg6 hxg6 14. Qc2 Re8 15.
Nxe4 Nxe4 16. Qxe4 Bf6 17. Qc2 a6 18. Rb1 b6 19. b3 Qe7 20. Bb2 Bxb2 21. Qxb2
Qg5 22. Qc3 Re7 23. b4 Rb8 24. a4 Nf6 25. Bf3 Reb7 26. bxc5 bxc5 27. Rxb7 Rxb7
28. Qa5 Qe5 29. Qxa6 Qe7 30. Rc1 Ra7 31. Qc6 Rc7 32. Qa8+ Kh7 33. Rb1 Ra7 34.
Qc6 Nd7 35. Qb5 Ra8 36. a5 Rb8 37. Qxb8 Nxb8 38. Rxb8 Qf6 39. Rb6 Qa1+ 40. Kh2
Qxa5 41. Rc6 Qc3 42. g3 Qe5 43. Kg2 g5 44. e4 Kg6 0-1

[Event "ChessOrg-Schachfestival 2022-Senioren"]
[Site "Bad Woerishofen"]
[Date "2022.03.16"]
[Round "6.26"]
[White "Laustsen, Karl-Johan"]
[Black "Vaclahovsky, Gerhard"]
[Result "1-0"]
[WhiteElo "1790"]
[BlackElo "1592"]
[PlyCount "59"]
[EventDate "2022.??.??"]
[WhiteTeam "1.FC Marktleuthen"]
[BlackTeam "SK Keres-Augsburg 1980"]

1. d4 Nf6 2. c4 e6 3. Nc3 d5 4. Bg5 Be7 5. cxd5 exd5 6. e3 O-O 7. Bd3 c6 8. Rb1
Be6 9. Nge2 Ne8 10. Bf4 Bd6 11. Qc2 h6 12. O-O Nf6 13. b4 a6 14. a4 Bxf4 15.
Nxf4 Nbd7 16. b5 c5 17. dxc5 Nxc5 18. Bf5 Qd7 19. Bxe6 Nxe6 20. Nfe2 Rfd8 21.
Rfd1 Rac8 22. Qb3 Rc4 23. Rbc1 Rc5 24. Rd3 axb5 25. axb5 b6 26. Rcd1 Nc7 27.
Nd4 Qe8 28. Na4 Rc4 29. Nxb6 Rb4 30. Qxb4 1-0

[Event "ChessOrg-Schachfestival 2022-Senioren"]
[Site "Bad Woerishofen"]
[Date "2022.03.16"]
[Round "6.27"]
[White "Kumeth, Hartmut"]
[Black "Meul, Willi"]
[Result "1/2-1/2"]
[WhiteElo "1723"]
[BlackElo "1789"]
[PlyCount "27"]
[EventDate "2022.??.??"]
[WhiteTeam "SK Union Oldenburg"]
[BlackTeam "SV 1925 Huerth-Berrenrath"]

1. Nf3 Nf6 2. d4 d5 3. g3 e6 4. Bg2 b6 5. O-O Bb7 6. Bg5 Be7 7. Bxf6 Bxf6 8.
Nbd2 Nd7 9. c4 c5 10. e3 cxd4 11. Nxd4 Bxd4 12. exd4 O-O 13. cxd5 Bxd5 14. Bxd5
1/2-1/2

[Event "ChessOrg-Schachfestival 2022-Senioren"]
[Site "Bad Woerishofen"]
[Date "2022.03.16"]
[Round "6.28"]
[White "Strohbusch, Frank"]
[Black "De Polzer, Manfredi"]
[Result "1/2-1/2"]
[WhiteElo "1762"]
[BlackElo "1452"]
[PlyCount "68"]
[EventDate "2022.??.??"]
[WhiteTeam "SK Freising"]

1. e4 e6 2. d4 d5 3. Nc3 c5 4. exd5 exd5 5. dxc5 d4 6. Ne4 Bxc5 7. Nxc5 Qa5+ 8.
Bd2 Qxc5 9. Bd3 Nc6 10. a3 Nge7 11. Nf3 Bf5 12. Qe2 Bxd3 13. Qxd3 Qf5 14. Qc4
Qd5 15. Qe2 O-O 16. O-O Rfe8 17. Rfe1 Kf8 18. c4 Qd7 19. b4 Ng6 20. Qd3 Rxe1+
21. Rxe1 Re8 22. Rxe8+ Kxe8 23. b5 Nce5 24. Qe4 f5 25. Nxe5 fxe4 26. Nxd7 Kxd7
27. Kf1 b6 28. Ke2 Ne5 29. f3 e3 30. Bb4 Ke6 31. f4 Nxc4 32. g4 Kd5 33. Kd3
Nb2+ 34. Kc2 Nc4 1/2-1/2

[Event "ChessOrg-Schachfestival 2022-Senioren"]
[Site "Bad Woerishofen"]
[Date "2022.03.16"]
[Round "6.29"]
[White "Schwis, Joachim"]
[Black "Stratmann, Alois"]
[Result "1-0"]
[WhiteElo "1931"]
[BlackElo "1547"]
[PlyCount "73"]
[EventDate "2022.??.??"]
[WhiteTeam "SK Suelz-Klettenberg"]
[BlackTeam "SV Ahlen 54 e.V."]

1. c4 e6 2. g3 c6 3. Bg2 Nf6 4. Nf3 Be7 5. O-O O-O 6. b3 d6 7. Bb2 Nbd7 8. d4
d5 9. Nc3 Re8 10. Qc2 Rb8 11. e3 Qc7 12. Rac1 Qd8 13. Rfe1 Bb4 14. a3 Ba5 15.
Nd2 Bxc3 16. Qxc3 Nb6 17. f4 Bd7 18. e4 dxc4 19. Nxc4 Nxc4 20. bxc4 Rf8 21. Bf3
b6 22. Kg2 Ne8 23. Rcd1 Qc8 24. Rd2 f6 25. Red1 Rf7 26. e5 f5 27. d5 cxd5 28.
cxd5 Qxc3 29. Bxc3 g6 30. dxe6 Bxe6 31. Rd8 Rxd8 32. Rxd8 Kf8 33. Bb4+ Re7 34.
Bc6 Kf7 35. Bxe7 Kxe7 36. Rxe8+ Kf7 37. Ra8 1-0

[Event "ChessOrg-Schachfestival 2022-Senioren"]
[Site "Bad Woerishofen"]
[Date "2022.03.16"]
[Round "6.30"]
[White "Birkestrand, Odd"]
[Black "Koenigl, Anton"]
[Result "1/2-1/2"]
[WhiteElo "1702"]
[BlackElo "1844"]
[PlyCount "37"]
[EventDate "2022.??.??"]
[WhiteTeam "Masfjorden Sjakklubb"]
[BlackTeam "FC Ergolding 1932 e.V."]

1. e4 c5 2. d3 e6 3. Nf3 Nc6 4. Be2 Nf6 5. e5 Ng8 6. O-O d6 7. d4 dxe5 8. dxe5
Qc7 9. Bf4 Nge7 10. Bg3 Nf5 11. Bb5 Bd7 12. Bxc6 Bxc6 13. Nbd2 Rd8 14. Qe2 Be7
15. Bf4 h6 16. h3 Nh4 17. Rad1 Nxf3+ 18. Nxf3 O-O 19. Rxd8 1/2-1/2

[Event "ChessOrg-Schachfestival 2022-Senioren"]
[Site "Bad Woerishofen"]
[Date "2022.03.16"]
[Round "6.31"]
[White "Schlemminger, Degenhard"]
[Black "Cordsen, Heinrich"]
[Result "0-1"]
[WhiteElo "1623"]
[BlackElo "1732"]
[PlyCount "100"]
[EventDate "2022.??.??"]
[WhiteTeam "SV Reutlingen"]
[BlackTeam "SK Varel"]

1. Nf3 d5 2. d4 Nf6 3. g3 e6 4. Bg2 b6 5. Nc3 Bb7 6. O-O Nbd7 7. Bf4 a6 8. Ne5
Bd6 9. Nxd7 Qxd7 10. Bxd6 Qxd6 11. Re1 O-O 12. a3 c5 13. e4 dxe4 14. Nxe4 Bxe4
15. Bxe4 Rad8 16. Bd3 Qxd4 17. Qe2 b5 18. b3 Rd6 19. Qe5 Rfd8 20. Qxd4 Rxd4 21.
a4 c4 22. Bf1 cxb3 23. cxb3 Rb4 24. axb5 axb5 25. Ra5 Rxb3 26. Rxb5 Rxb5 27.
Bxb5 g5 28. Kg2 Rd2 29. Re2 Rd5 30. Rb2 Kg7 31. Bc6 Rc5 32. Bb7 Rc7 33. h3 h5
34. f3 Nd7 35. Be4 f5 36. Bb1 Kf6 37. g4 hxg4 38. fxg4 f4 39. Rf2 Rc3 40. Rf3
Rc1 41. Rf1 Rxf1 42. Kxf1 e5 43. Kf2 Nc5 44. Kf3 Nb3 45. Bd3 Nc5 46. Bh7 Kg7
47. Bb1 Nb3 48. Bf5 Nd4+ 49. Ke4 Nxf5 50. gxf5 Kf6 0-1

[Event "ChessOrg-Schachfestival 2022-Senioren"]
[Site "Bad Woerishofen"]
[Date "2022.03.16"]
[Round "6.32"]
[White "Titz, Waldemar"]
[Black "Farel, Edgard"]
[Result "1/2-1/2"]
[WhiteElo "1742"]
[BlackElo "1603"]
[PlyCount "134"]
[EventDate "2022.??.??"]
[WhiteTeam "SV Rottweil"]
[BlackTeam "SG Enger-Spenge"]

1. e4 c5 2. Nf3 Nc6 3. c4 d6 4. d4 cxd4 5. Nxd4 e5 6. Nf3 Nf6 7. Nc3 a6 8. Be2
Be7 9. O-O O-O 10. h3 h6 11. Be3 Bd7 12. b3 Qc7 13. Qd2 Be6 14. Rfd1 Rad8 15.
Rac1 Rfe8 16. Ne1 Bf8 17. Bf3 Qb8 18. Qe2 Kh7 19. Na4 Nd7 20. Bg4 g6 21. Nb6
Nxb6 22. Bxb6 Rc8 23. Nc2 Be7 24. Be3 Bf8 25. Qf3 Qc7 26. Rd2 Kg7 27. Rcd1 Rcd8
28. Qe2 Bxg4 29. Qxg4 Qe7 30. Bb6 Rd7 31. c5 Qe6 32. Qf3 f6 33. Qe3 Nd8 34. Nb4
Nf7 35. Nd5 Rc8 36. b4 dxc5 37. Bxc5 Bxc5 38. bxc5 Rc6 39. Nb4 Rxd2 40. Rxd2
Rc7 41. Nd5 Rd7 42. Nb6 Rxd2 43. Qxd2 Qe7 44. Qd5 Nd8 45. a4 Nc6 46. Nc8 Qc7
47. Nd6 Qe7 48. Nc8 Qc7 49. Nd6 Qe7 50. Qb3 Nd8 51. Qb6 Qd7 52. a5 Qe7 53. f3
h5 54. Kf2 h4 55. Ke3 Kh6 56. Nc8 Qf8 57. Qd6 Kg7 58. Qc7+ Kh6 59. Nd6 Ne6 60.
Qb6 Nd8 61. Qc7 Ne6 62. Qb6 Nd8 63. Kd3 Qe7 64. Ke3 Kh7 65. Qb3 Qc7 66. Qb6 Qe7
67. Qb3 Qc7 1/2-1/2

[Event "ChessOrg-Schachfestival 2022-Senioren"]
[Site "Bad Woerishofen"]
[Date "2022.03.16"]
[Round "6.33"]
[White "Mitschka, Manfred"]
[Black "Cerpnjak, Mirko"]
[Result "1/2-1/2"]
[WhiteElo "1614"]
[BlackElo "1738"]
[PlyCount "61"]
[EventDate "2022.??.??"]
[WhiteTeam "SK Neuburg"]
[BlackTeam "1. SC Groebenzell"]

1. d4 Nf6 2. Nf3 d5 3. c4 e6 4. e3 Be7 5. Nc3 O-O 6. b3 c5 7. Bb2 Nc6 8. Be2 b6
9. O-O Bb7 10. Ne5 Nxe5 11. dxe5 Ne4 12. Bf3 f5 13. g3 a6 14. Nxe4 dxe4 15. Be2
Qc7 16. Qc2 g5 17. Rad1 Bc6 18. Rd2 Rad8 19. Rfd1 Rxd2 20. Rxd2 Rd8 21. Qd1 g4
22. Rxd8+ Qxd8 23. Qxd8+ Bxd8 24. a4 Kf7 25. Kg2 Ke7 26. Ba3 Kd7 27. Kf1 Bc7
28. Bb2 Kc8 29. Ke1 Kb7 30. Bc3 Bd7 31. Kd1 1/2-1/2

[Event "ChessOrg-Schachfestival 2022-Senioren"]
[Site "Bad Woerishofen"]
[Date "2022.03.16"]
[Round "6.34"]
[White "Prenzel, Thomas"]
[Black "Schnell, Franz"]
[Result "1/2-1/2"]
[WhiteElo "1523"]
[BlackElo "1737"]
[PlyCount "133"]
[EventDate "2022.??.??"]
[WhiteTeam "Klub Koelner SF e.V. 1967"]
[BlackTeam "SC Nusplingen"]

1. e4 d5 2. e5 c5 3. d3 Nc6 4. Bf4 g6 5. h3 Bg7 6. Nf3 Qb6 7. b3 f6 8. exf6
Bxf6 9. c3 Bg7 10. Qc1 Bd7 11. Be2 O-O-O 12. O-O e5 13. Bg5 Re8 14. Nbd2 h6 15.
Bh4 g5 16. Bg3 Nf6 17. Nh2 h5 18. h4 g4 19. Rb1 e4 20. dxe4 Nxe4 21. Nxe4 Rxe4
22. Bd3 Re7 23. c4 d4 24. Qf4 Be5 25. Qg5 Bxg3 26. fxg3 Re3 27. Qg7 Qd8 28. Bh7
Re7 29. Rf7 Rhe8 30. Rxe7 Qxe7 31. Qxe7 Rxe7 32. Bg6 Be8 33. Bf5+ Kc7 34. Nf1
Re2 35. a3 Ne5 36. Rd1 a5 37. Rd2 Re1 38. Kf2 Ra1 39. a4 Ra3 40. Bc2 Ra2 41.
Bd1 Rxd2+ 42. Nxd2 Bg6 43. Be2 Kd6 44. Bf1 Bc2 45. Ke1 Nc6 46. Be2 Ke5 47. Bd1
Bf5 48. Kf2 Nb4 49. Ke2 Na2 50. Nf1 Nc3+ 51. Kd2 Nxd1 52. Kxd1 Be4 53. Ke2 Bxg2
54. Nd2 Bc6 55. Kf2 Be4 56. Ke2 Bc2 57. Kf2 Bd1 58. Ke1 Bf3 59. Kf2 d3 60. Ke3
Be2 61. Ne4 b6 62. Nc3 Bf1 63. Nd1 d2 64. Nc3 Bg2 65. Kd3 Bf3 66. Kxd2 Kd4 67.
Nb5+ 1/2-1/2

[Event "ChessOrg-Schachfestival 2022-Senioren"]
[Site "Bad Woerishofen"]
[Date "2022.03.16"]
[Round "6.35"]
[White "Koppenhoefer, Heinz"]
[Black "Bertram, Thomas"]
[Result "0-1"]
[WhiteElo "1565"]
[BlackElo "1709"]
[PlyCount "98"]
[EventDate "2022.??.??"]
[WhiteTeam "TSV Solln Schachabteilung"]
[BlackTeam "SF Bad Lausick"]

1. e4 e5 2. Nf3 Nc6 3. Bc4 Nf6 4. d3 d6 5. c3 Be7 6. Bb3 O-O 7. O-O Na5 8. Bc2
c5 9. c4 Nc6 10. h3 a6 11. Nc3 Nd4 12. a3 b5 13. cxb5 Nxb5 14. Bd2 Bb7 15. Qe2
Rc8 16. Bb3 Bc6 17. Bc4 Nd4 18. Qd1 Qb6 19. Rb1 Qa7 20. Nxd4 cxd4 21. Na2 d5
22. exd5 Nxd5 23. Re1 Bf6 24. Nb4 Nxb4 25. Bxb4 Rfe8 26. Qd2 h6 27. Ba2 Qb7 28.
Re4 Bxe4 29. dxe4 Qxe4 30. Re1 Qc2 31. Bb1 Qxd2 32. Bxd2 Bg5 33. Bb4 Rc1 34.
Bd3 Rxe1+ 35. Bxe1 Rc8 36. Kf1 Bc1 37. Bxa6 Ra8 38. Bb5 Bxb2 39. a4 Bc3 40. Ke2
Bxe1 41. Kxe1 Kf8 42. Kd2 Ke7 43. Kd3 Kd6 44. Ke4 f6 45. Kf5 Ra7 46. Kg6 Ra5
47. Be8 d3 48. Kxg7 d2 49. Bh5 Rxa4 0-1

[Event "ChessOrg-Schachfestival 2022-Senioren"]
[Site "Bad Woerishofen"]
[Date "2022.03.16"]
[Round "6.37"]
[White "Gaul, Karl-Heinz"]
[Black "Koch, Dieter"]
[Result "0-1"]
[WhiteElo "1511"]
[BlackElo "1629"]
[PlyCount "68"]
[EventDate "2022.??.??"]
[WhiteTeam "SC Schwarz-Weiß Lichtenrade e.V."]
[BlackTeam "SC Ammersee"]

1. Nf3 d6 2. b3 e5 3. Nc3 c6 4. d4 Nd7 5. dxe5 dxe5 6. e3 Qe7 7. Bb2 Ngf6 8.
Qd2 h6 9. a4 e4 10. Nd4 a6 11. Be2 g6 12. b4 Bg7 13. Ba3 b5 14. Nxc6 Qe6 15.
axb5 O-O 16. Nd4 Qb6 17. Na4 Qc7 18. bxa6 Rxa6 19. Bxa6 Bxa6 20. b5 Bb7 21.
Bxf8 Bxf8 22. h3 Qe5 23. Rb1 h5 24. Nc3 Qg5 25. Qe2 Bd6 26. g3 Ne5 27. h4 Qh6
28. Qd1 Neg4 29. Nf5 gxf5 30. Qxd6 Qg7 31. Qb8+ Kh7 32. Qxb7 Nxe3 33. Kd2 Nc4+
34. Kc1 Qh6+ 0-1

[Event "ChessOrg-Schachfestival 2022-Senioren"]
[Site "Bad Woerishofen"]
[Date "2022.03.16"]
[Round "6.38"]
[White "Bertram, Marina"]
[Black "Hoferichter, Michael"]
[Result "1/2-1/2"]
[WhiteElo "1304"]
[BlackElo "1624"]
[PlyCount "64"]
[EventDate "2022.??.??"]
[WhiteTeam "SF Bad Lausick"]
[BlackTeam "Bergische SF 1923 Bergisch Gladbach e.V."]

1. e4 c5 2. Bc4 Nc6 3. Nf3 e6 4. O-O d6 5. Nc3 Nf6 6. d4 cxd4 7. Nxd4 a6 8. Nf3
Be7 9. a3 O-O 10. Bf4 b5 11. Bb3 e5 12. Be3 Bg4 13. h3 Bh5 14. g4 Bg6 15. Ng5
h6 16. Nf3 Nxe4 17. Nd5 Bh4 18. Nxh4 Qxh4 19. Qf3 Nd4 20. Bxd4 exd4 21. Rad1
Kh8 22. Nf4 Ng5 23. Qh1 Be4 24. f3 Bc6 25. Rxd4 Rad8 26. Bd5 Bxd5 27. Rxd5 Rfe8
28. Kg2 Re5 29. Rd4 d5 30. Rfd1 Re3 31. Rf1 Rde8 32. Rf2 R3e5 1/2-1/2

[Event "ChessOrg-Schachfestival 2022-Senioren"]
[Site "Bad Woerishofen"]
[Date "2022.03.16"]
[Round "6.39"]
[White "Margraf, Dieter"]
[Black "Beitz, Joanne"]
[Result "1-0"]
[WhiteElo "1474"]
[BlackElo "1314"]
[PlyCount "67"]
[EventDate "2022.??.??"]
[WhiteTeam "SC Sulzbach-Rosenberg"]
[BlackTeam "Mettmann-Sport e.V."]

1. d4 Nf6 2. Bf4 e6 3. e3 Be7 4. c4 d5 5. Nf3 Nbd7 6. Bd3 O-O 7. Nbd2 b6 8. h3
c5 9. cxd5 Nxd5 10. Bh2 Bf6 11. Qc2 g6 12. Bd6 Ne7 13. Ne4 Re8 14. dxc5 Bb7 15.
Bxe7 Qxe7 16. Nd6 Reb8 17. Nxb7 Rxb7 18. Be4 Qxc5 19. Qxc5 bxc5 20. Bxb7 Rb8
21. Bc6 Bxb2 22. Rb1 Bc3+ 23. Ke2 Rb2+ 24. Rxb2 Bxb2 25. Bxd7 e5 26. Rb1 Bc3
27. Rc1 Bb2 28. Rxc5 f6 29. Ra5 Kf7 30. Rxa7 Ke7 31. Ba4+ Ke6 32. Rxh7 Kf5 33.
g4+ Ke4 34. Bc2+ 1-0

[Event "ChessOrg-Schachfestival 2022-Senioren"]
[Site "Bad Woerishofen"]
[Date "2022.03.16"]
[Round "6.40"]
[White "Kuenne, Lutz Dieter"]
[Black "Walther, Renate"]
[Result "1-0"]
[WhiteElo "1570"]
[BlackElo "1180"]
[PlyCount "53"]
[EventDate "2022.??.??"]
[WhiteTeam "KingsClub Jena"]
[BlackTeam "SK 1911 Herzogenaurach"]

1. e4 e5 2. Nf3 d5 3. exd5 Bd6 4. Nc3 Nf6 5. d3 O-O 6. Bg5 Re8 7. Ne4 Nbd7 8.
Be2 b6 9. a3 Bb7 10. c4 Nc5 11. b4 Ncxe4 12. dxe4 h6 13. Bxf6 Qxf6 14. O-O c5
15. b5 Bc8 16. Nd2 Kh7 17. Rb1 Rg8 18. Rb3 g5 19. Bg4 Bxg4 20. Qxg4 Qf4 21. Qe2
g4 22. g3 Qg5 23. Kg2 Raf8 24. Rh1 f5 25. exf5 Rxf5 26. Ne4 Qf6 27. Nxf6+ 1-0